1646 1763 1106 1040 1800 1328 1227 1704 1490 1827 1013 1665 1629 1872 1341 1822 1356 1571 1241 1918 1306 1179 1294 1874 1916 1580 1517 1472 1015 1386 1828 1344 1793 1647 1528 1074 1812 1368 1136 1890 1943 1980 1715 1606 1795 1087 1200 1807 1347 1026 1019 1709 1354 1937 1318 1541 1296 1721 1973 1742 1319 1390 1260 1514 1651 1483 1641 1500 1269 1486 1262 1849 1548 1570 1896 1289 1139 1736 1877 1008 1790 1197 1685 1426 1133 1542 1940 1956 1960 1008 1836 1071 1977 1375 1056 1380 1876 1277 1274 BCNSPRNW ULIB Ver.6.0+V

เปลี่ยนเป็นภาษาไทย

Change to English
 แสดงรายละเอียดบรรณานุกรม
  กลับหน้าหลัก

Brief Record : Get Marc (ISO 2709) : E-mail record : QR code < ปิดหน้าต่าง
LEADER : 00000nam 2200000uu 4500
001    13399111632
003     ULIB
008    110704s2552||||th 000 0 tha d
020    9789746520416 (ล.2)
060 04 WY100^bค336ก ล.2
100 1  คาร์เปนนิโต-โมเยท, ลินดา จูอัล
245 10 การวางแผนและบันทึกทางการพยาบาล เล่ม2=^bNursing care plans &documentation : Nursing diagnoses and collaborative problems /^cLynda Juall Carpenito-Moyet ; บรรณาธิการ, วรรณี ตปนียากร, งามนิตย์ รัตนานุกูล
246 31 Nursing care plans & documentation : Nursing diagnoses andcollaborative problems
250    พิมพ์ครั้งที่ 1
260    กรุงเทพฯ :^bไอกรุ๊ป เพรส,^c2552
300    644 หน้า ;^c26 ซม.
500    โครงการสวัสดิการวิชาการ สถาบันพระบรมราชชนก
650  7 ผู้ป่วย, การวางแผนดูแล
650  7 การพยาบาล, การจัดการ
650  7 บันทึกการพยาบาล
700 0  วรรณี ตปนียากร,^eบรรณาธิการ
700 0  งามนิตย์ รัตนานุกูล,^eบรรณาธิการ
700 12 Carpenito-Moyet, Lynda Juall.^tNursing care plans &documentation :^bNursing diagnoses and collaborative problems
710 2   สถาบันพระบรมราชชนก
945    ^p600^l0^i17918
945    ^p600^l0^i15766
945    ^p600^l0^i15765
945    ^p600^l0^i17919
945    ^p600^l0^i15474
995    เกษร
999    ^aใช้งานได้ทุกระบบ
รายการนี้ยังไม่มีแท็ก
คุณยังไม่ได้ล็อกอิน คุณสามารถมีกิจกรรมร่วมกับเว็บไซต์ได้ แต่ต้องล็อกอินก่อน ::
  ล็อกอิน

รายการสื่อสารสนเทศ

ลำดับที่ ประเภท เลขเรียก/บาร์โค้ด สถานที่ สถานะ
- ไม่พบข้อมูล -

รายการใกล้เคียง
    ผู้แต่ง [คาร์เปนนิโต-โมเยท, ลินดา จูอัล]

    หัวเรื่อง [ผู้ป่วย, การวางแผนดูแล]
    หัวเรื่อง [การพยาบาล, การจัดการ]
    หัวเรื่อง [บันทึกการพยาบาล]

BibComment


ยังไม่เคยถูกคอมเมนท์

คอมเมนท์ทรัพยากรรายการนี้
  คอมเมนท์: การวางแผนและบันทึ..


 Copyright 2026. Bcnsprnw @Library